000 00339nam a2200145Ia 4500
008 230917s9999||||xx |||||||||||||| ||und||
040 _e62346
_aMAIN
041 _aEnglish
082 _a822.09 B443I
100 _aBenson, Carl
245 0 _aIdea of tragedy
260 _aGlenview
_bScott Foresman
_c1966
300 _a370 p.
942 _cBK
999 _c38157
_d38157